000 00355nam a2200133Ia 4500
008 240624s9999 xx 000 0 und d
041 _aeng
082 _a828 PRA
100 _aPRADHAN G K
245 _aTOWARDS THE SILVER CRESTS OF THE HIMALAY
260 _c2011
_aMumbai
_bBhartiya Vidya Bhavan
300 _axxv, : 282 : p. : cm. ; 26
365 _cRS
_b25
999 _c23745
_d23745